01058nam a2200265 a 450000100060000000300080000600500170001400800410003103500190007204000370009104100080012808200260013610000340016224500510019626000370024730000210028433600260030533700280033133800270035950000490038652002320043565000350066765000570070265000330075985109BD-RjUL20250702160754.0250702r19591956enk 000 1 eng d a(BD-RjUL)85109 aXWAcXWAdSVPdDLCdBD-RjULbeng aeng 223a823.912bCHW 19591 aChristie, Agatha,d1890-1976.10aWhy didn't they ask Evans? /cAgatha Christie. aLondon :bFontana,c1956, ©1934 a191 p. ;c18 cm. atextbtxt2rdacontent aunmediatedbn2rdamedia avolumebnc2rdacarrier aPreviously published as: The Boomerang clue. aBobby Jones witnesses the last words of a dying man--"Why didn't they ask Evans?"--and begins a death-defying chase. Bobby and his partner in detection, Lady Derwent, end up in pursuit of a beautiful woman and a cunning killer. 0aDetective and mystery stories. 0aAnglais (langue)xLectures et morceaux choisis.2ram 0aRoman policier anglais.2ram